[Event "Gothenburg op"]
[Site "Gothenburg"]
[Date "2022.08.12"]
[Round "2"]
[White "Torres, Lucas"]
[Black "Sundin, Sven Ingvar"]
[Result "0-1"]
[WhiteElo "1331"]
[BlackElo "1637"]
[PlyCount "92"]
[EventDate "2022.08.12"]
[EventType "swiss"]
[EventRounds "8"]
[EventCountry "SWE"]
[SourceTitle "CBM 209 Extra"]
[Source "ChessBase"]
[SourceDate "2022.09.30"]
[SourceVersion "1"]
[SourceVersionDate "2022.09.30"]
[SourceQuality "1"]

1. e4 c5 2. c3 d5 3. exd5 Qxd5 4. d4 cxd4 5. cxd4 Nc6 6. Nf3 Nf6 7. Nc3 Qd8 8. Be3 e6 9. Bd3 Be7 10. 0-0 0-0 11. h3 b6 12. Qe2 Bb7 13. Rfd1 Nb4 14. Bb5 a6 15. Ba4 b5 16. Bb3 Nbd5 17. Nxd5 Nxd5 18. Bxd5 Bxd5 19. a3 Qd7 20. Rac1 Rfc8 21. Ne5 Qe8 22. Qg4 f6 23. Bh6 g6 24. Nf3 Qf7 25. Qf4 g5 26. Nxg5 fxg5 27. Bxg5 Qxf4 28. Bxf4 Kf7 29. Be5 Bf6 30. f4 Bxe5 31. dxe5 Rc4 32. f5 Rxc1 33. Rxc1 exf5 34. Rc7+ Ke6 35. Rxh7 Kxe5 36. Rh5 Be4 37. Rh6 a5 38. Rb6 Bd3 39. Kf2 f4 40. Kf3 a4 41. Kg4 Rg8+ 42. Kf3 Be4+ 43. Kf2 Rxg2+ 44. Kf1 Rxb2 45. h4 Kd4 46. h5 Ke3 0-1